[Event "BL 8182 Zähringen-HSK"]
[Site "?"]
[Date "1981.??.??"]
[Round "?.5"]
[White "Pokern, N."]
[Black "Bassler, M."]
[Result "1-0"]
[WhiteElo "2240"]
[BlackElo "2235"]
[PlyCount "101"]
[EventDate "1981.??.??"]

1. d4 f5 2. g3 Nf6 3. Bg2 d6 4. b3 e6 5. Bb2 Be7 6. Nf3 a5 7. a4 O-O 8. O-O Qe8
9. Nbd2 Qh5 10. e3 Nc6 11. Ne1 Qh6 12. Nd3 Bd7 13. c4 Nd8 14. Qe2 Nf7 15. f3
Ng5 16. Nf2 Nf7 17. Nd3 Rae8 18. e4 fxe4 19. Nxe4 e5 20. dxe5 dxe5 21. Bc1 Qh5
22. Ndf2 Nd6 23. Nxd6 Bxd6 24. c5 Be7 25. Qc4+ Kh8 26. Be3 Bc6 27. Ne4 Bxe4 28.
g4 Qg6 29. fxe4 Nxg4 30. Bd2 Bh4 31. Rf5 Bf2+ 32. Kh1 Bd4 33. Raf1 Nf2+ 34.
R1xf2 Bxf2 35. Bxa5 b6 36. cxb6 cxb6 37. Qf1 bxa5 38. Qxf2 Rxf5 39. exf5 Qg5
40. Qc2 Qe3 41. h3 Qb6 42. Qc4 Rd8 43. Qe6 Qxe6 44. fxe6 g6 45. Bc6 Kg7 46. e7
Rb8 47. e8=Q Rxe8 48. Bxe8 Kf6 49. Kg2 Ke6 50. Kf3 Kd5 51. Ke3 1-0

[Event "BL 8182 Zähringen-HSK"]
[Site "?"]
[Date "1981.??.??"]
[Round "?.6"]
[White "Kiefer, G."]
[Black "Zieher, H."]
[Result "1/2-1/2"]
[WhiteElo "2230"]
[BlackElo "2280"]
[PlyCount "120"]
[EventDate "1981.??.??"]

1. e4 e5 2. Nf3 Nc6 3. Bb5 a6 4. Ba4 Nf6 5. O-O Be7 6. Bxc6 dxc6 7. d3 Bg4 8.
h3 Bxf3 9. Qxf3 O-O 10. Be3 c5 11. Nc3 Re8 12. Rad1 c6 13. Ne2 Nd7 14. b3 Nf8
15. Qg3 Bh4 16. Qg4 Ne6 17. g3 Bf6 18. Kh1 Nd4 19. Nxd4 cxd4 20. Bd2 Qc8 21.
Qxc8 Rexc8 22. a4 b5 23. Ra1 c5 24. axb5 axb5 25. Kg2 g6 26. Kf3 c4 27. bxc4
bxc4 28. dxc4 Rxa1 29. Rxa1 Rxc4 30. Ra2 h5 31. Ke2 Be7 32. Kd3 Rc7 33. Ra5 f6
34. f4 Bc5 35. g4 hxg4 36. hxg4 Kf7 37. Rb5 Bd6 38. f5 gxf5 39. gxf5 Bf8 40.
Ba5 Rc8 41. Rb7+ Ke8 42. Ra7 Be7 43. Be1 Kf8 44. Bd2 Ke8 45. Ba5 Kf8 46. Be1
Ke8 47. Bd2 Kf8 48. Ra6 Ke8 49. Ra7 Kf8 50. Ba5 Ke8 51. Be1 Kf8 52. Rb7 Ke8 53.
c3 dxc3 54. Bxc3 Kf8 55. Ra7 Ke8 56. Ba5 Kf8 57. Rc7 Rxc7 58. Bxc7 Bc5 59. Kc4
Bd4 60. Kd5 Kf7 1/2-1/2

[Event "BL 8182 Erlangen-Bayern"]
[Site "?"]
[Date "1981.??.??"]
[Round "?.1"]
[White "Saacke, B."]
[Black "Feustel, B."]
[Result "0-1"]
[WhiteElo "2395"]
[BlackElo "2375"]
[PlyCount "68"]
[EventDate "1981.??.??"]

1. d4 g6 2. g3 Bg7 3. Bg2 d6 4. Nf3 Nd7 5. O-O e6 6. c4 Ne7 7. b3 O-O 8. Bb2
Rb8 9. Qc2 a6 10. Nbd2 b6 11. Rac1 Bb7 12. Rfd1 h6 13. e3 Qe8 14. a3 f5 15. b4
Nf6 16. c5 g5 17. Nc4 Be4 18. Qe2 Qb5 19. a4 Qd7 20. cxd6 cxd6 21. b5 axb5 22.
axb5 Qxb5 23. Ba3 Ne8 24. Bf1 Qd7 25. Nfd2 Ba8 26. Nf3 Nd5 27. Bg2 b5 28. Ncd2
Nef6 29. Qd3 Ne4 30. Qb3 b4 31. Bb2 Ndc3 32. Re1 g4 33. Nxe4 gxf3 34. Bxf3 Nxe4
0-1

[Event "BL 8182 Erlangen-Bayern"]
[Site "?"]
[Date "1981.??.??"]
[Round "?.2"]
[White "Heidrich, M."]
[Black "Klundt, K."]
[Result "1-0"]
[WhiteElo "2225"]
[BlackElo "2395"]
[PlyCount "97"]
[EventDate "1981.??.??"]

1. e4 c5 2. Nf3 Nc6 3. d4 cxd4 4. Nxd4 Nf6 5. Nc3 e6 6. Nxc6 bxc6 7. e5 Nd5 8.
Ne4 f5 9. exf6 Nxf6 10. Nd6+ Bxd6 11. Qxd6 Qb6 12. Bd3 c5 13. Bf4 Bb7 14. O-O
Qxd6 15. Bxd6 Ne4 16. Bxe4 Bxe4 17. c4 Bd3 18. Rfc1 Rc8 19. Rc3 Bf5 20. Ra3 Kf7
21. Rxa7 Rhd8 22. Rd1 e5 23. Bxe5 Ra8 24. Rxa8 Rxa8 25. a3 Ra4 26. Rc1 Be6 27.
Bd6 Rxc4 28. Rxc4 Bxc4 29. Bxc5 Ke6 30. f3 Kd5 31. Bb6 Ba6 32. Kf2 Kc4 33. Ke3
d5 34. a4 g6 35. a5 Bb5 36. g4 g5 37. Bd4 Kb4 38. Bc3+ Kc4 39. Bf6 Kb4 40. Bxg5
Kxa5 41. Bf6 Kb4 42. f4 Kc4 43. f5 Ba4 44. Be5 Bd7 45. h4 Be8 46. h5 Bf7 47. h6
Be8 48. g5 Bd7 49. Kf4 1-0

[Event "BL 8182 Erlangen-Bayern"]
[Site "?"]
[Date "1981.??.??"]
[Round "?.3"]
[White "Kindermann, S."]
[Black "Roeder, F."]
[Result "1-0"]
[WhiteElo "2425"]
[BlackElo "2275"]
[PlyCount "99"]
[EventDate "1981.??.??"]

1. d4 d5 2. c4 c6 3. Nf3 Nf6 4. e3 Bf5 5. Bd3 Bxd3 6. Qxd3 e6 7. O-O Ne4 8.
Nfd2 f5 9. f3 Nxd2 10. Bxd2 Be7 11. e4 O-O 12. exd5 exd5 13. Nc3 dxc4 14. Qxc4+
Rf7 15. Rad1 b5 16. Qe6 Qd7 17. Rfe1 Bf6 18. d5 b4 19. Na4 cxd5 20. Qe8+ Rf8
21. Qxd7 Nxd7 22. Bxb4 Rfb8 23. Bd6 Rb5 24. b3 Nb6 25. Nc5 Nc8 26. Re8+ Kf7 27.
Rf8+ Kg6 28. Ne6 Nb6 29. Nf4+ Kg5 30. Rxa8 Nxa8 31. Rxd5 Rxd5 32. Nxd5 Bd4+ 33.
Kf1 Kg6 34. Ke2 Kf7 35. Kd3 Bg1 36. Bf4 Ke6 37. Kc4 a6 38. b4 Bf2 39. a4 h6 40.
Nc7+ Nxc7 41. Bxc7 g5 42. b5 Kd7 43. Be5 h5 44. bxa6 Kc6 45. Bd4 Be1 46. a7 Kb7
47. Kd5 g4 48. Ke5 h4 49. h3 gxf3 50. gxf3 1-0

[Event "BL 8182 Erlangen-Bayern"]
[Site "?"]
[Date "1981.??.??"]
[Round "?.4"]
[White "Stoll, J."]
[Black "Bischoff, K."]
[Result "1/2-1/2"]
[WhiteElo "2225"]
[BlackElo "2365"]
[PlyCount "115"]
[EventDate "1981.??.??"]

1. d4 Nf6 2. c4 e6 3. Nf3 Bb4+ 4. Bd2 a5 5. e3 b6 6. Bd3 Bb7 7. a3 Be7 8. Nc3
d5 9. O-O Nbd7 10. Qc2 O-O 11. cxd5 exd5 12. Ne5 c5 13. f4 Rc8 14. Nxd7 Qxd7
15. Bf5 Qc6 16. Bxc8 Rxc8 17. Qd1 Ba6 18. Rf3 Bd3 19. Be1 c4 20. Qa4 Qxa4 21.
Nxa4 b5 22. Nc5 Bxc5 23. dxc5 a4 24. Bb4 Ne4 25. f5 Nxc5 26. Bxc5 Rxc5 27. Rc1
Kf8 28. Kf2 Be4 29. Rf4 Ke7 30. f6+ gxf6 31. g3 f5 32. Ke1 b4 33. axb4 Rb5 34.
Rf2 Rxb4 35. Rc3 Kd6 36. Kd1 Kc5 37. Kc1 Rb3 38. Rf4 Kb4 39. Rxb3+ axb3 40. Rh4
c3 41. Rh6 f4 42. gxf4 Bg6 43. f5 cxb2+ 44. Kxb2 Bxf5 45. Rb6+ Kc4 46. Rxb3 d4
47. exd4 Kxd4 48. Kc1 Bg6 49. Kd2 Ke4 50. Ke2 Bh5+ 51. Kf2 Bg6 52. Kg3 Kf5 53.
Rb4 Kf6 54. Kf4 Kg7 55. Rb6 h6 56. Ke5 Bh5 57. Rb2 Bg6 58. Rg2 1/2-1/2

[Event "BL 8182 Markth'feld-Bamberg"]
[Site "?"]
[Date "1981.??.??"]
[Round "?.1"]
[White "Pfleger, He"]
[Black "Goehring, K."]
[Result "1-0"]
[WhiteElo "2500"]
[BlackElo "2320"]
[PlyCount "85"]
[EventDate "1981.??.??"]

1. d4 Nf6 2. g3 d5 3. Bg2 Bf5 4. c4 c6 5. Qb3 Qb6 6. Nc3 e6 7. Nf3 Be7 8. c5
Qxb3 9. axb3 Nbd7 10. b4 Ne4 11. b5 O-O 12. bxc6 bxc6 13. Ra6 Rfc8 14. O-O e5
15. Be3 Bf6 16. Rfa1 exd4 17. Bxd4 Nexc5 18. Rxa7 Rxa7 19. Rxa7 Ne6 20. Bxf6
Nxf6 21. Ne5 Nd8 22. Na4 Kf8 23. h3 h5 24. Nc5 Ke8 25. f3 Rb8 26. e4 dxe4 27.
fxe4 Rb5 28. b4 Bxe4 29. Nc4 Bxg2 30. Nd6+ Kf8 31. Nxb5 Bxh3 32. Nd4 Nd5 33.
Ra8 Ke7 34. Rb8 g5 35. Nd3 f6 36. Kf2 Bg4 37. Ra8 Nc3 38. Nc5 Nd5 39. Ne4 Bd7
40. Ra7 Ke8 41. Nd6+ Ke7 42. N6f5+ Ke8 43. Ng7+ 1-0

[Event "BL 8182 Markth'feld-Bamberg"]
[Site "?"]
[Date "1981.??.??"]
[Round "?.2"]
[White "Bartsch, B."]
[Black "Hartmann, Wo"]
[Result "1-0"]
[WhiteElo "2265"]
[BlackElo "2275"]
[PlyCount "97"]
[EventDate "1981.??.??"]

1. e4 c5 2. Nc3 Nc6 3. g3 g6 4. Bg2 Rb8 5. a4 Bg7 6. d3 d6 7. f4 e6 8. Nf3 Nge7
9. O-O O-O 10. Ne2 f5 11. c3 b6 12. Qc2 e5 13. Ng5 Qe8 14. Be3 h6 15. Nf3 Be6
16. Nh4 Rc8 17. Qd2 Na5 18. Ra3 fxe4 19. Bxe4 d5 20. Bg2 e4 21. b4 exd3 22.
bxa5 dxe2 23. Qxe2 Bf7 24. axb6 axb6 25. Re1 Bf6 26. Nf3 Nc6 27. Qb5 Qd8 28.
Ne5 Nxe5 29. fxe5 Bxe5 30. Bxh6 Re8 31. Rf1 Re6 32. Bh3 Rcc6 33. Bxe6 Rxe6 34.
Bf4 Bg7 35. a5 Be8 36. Qa6 c4 37. axb6 Qe7 38. Qc8 Rxb6 39. Ra8 Re6 40. Bg5 Qd6
41. Bf6 Bxf6 42. Rxf6 Rxf6 43. Qxe8+ Rf8 44. Qxf8+ Qxf8 45. Rxf8+ Kxf8 46. Kf2
d4 47. cxd4 Ke7 48. Ke2 g5 49. h4 1-0

[Event "BL 8182 Markth'feld-Bamberg"]
[Site "?"]
[Date "1981.??.??"]
[Round "?.3"]
[White "Kestler, H."]
[Black "Riefner, E."]
[Result "1/2-1/2"]
[WhiteElo "2405"]
[BlackElo "2245"]
[PlyCount "73"]
[EventDate "1981.??.??"]

1. c4 Nf6 2. Nf3 g6 3. g3 Bg7 4. Bg2 O-O 5. O-O d5 6. cxd5 Nxd5 7. d4 Nc6 8.
Nc3 Nb6 9. e3 e5 10. d5 Na5 11. e4 c6 12. dxc6 Nxc6 13. Bg5 Qxd1 14. Rfxd1 Bg4
15. h3 Bxf3 16. Bxf3 Nd4 17. Bg2 f6 18. Bd2 Rfd8 19. Nd5 Nxd5 20. exd5 Rac8 21.
Be3 f5 22. Bxd4 exd4 23. Rac1 Kf7 24. Kf1 Ke7 25. Ke2 Kd6 26. Kd3 Rxc1 27. Rxc1
Re8 28. Bf3 Bf6 29. a4 Kd7 30. g4 Bh4 31. Rf1 Bf6 32. Rg1 Bh4 33. Rf1 Bf6 34.
gxf5 gxf5 35. Bh5 Re7 36. Bf3 Kd6 37. Rc1 1/2-1/2

[Event "BL 8182 Markth'feld-Bamberg"]
[Site "?"]
[Date "1981.??.??"]
[Round "?.5"]
[White "Treppner, G."]
[Black "Jahr, U."]
[Result "1-0"]
[WhiteElo "2255"]
[BlackElo "2215"]
[PlyCount "71"]
[EventDate "1981.??.??"]

1. Nf3 f5 2. d4 Nf6 3. g3 g6 4. Bg2 Bg7 5. O-O O-O 6. c4 d6 7. Nc3 c6 8. d5 e5
9. dxe6 Bxe6 10. Qd3 Nbd7 11. Bf4 Nb6 12. Qxd6 Bxc4 13. Rfd1 Qxd6 14. Bxd6 Rfe8
15. e3 Nfd5 16. Nxd5 Bxd5 17. Bc5 Bxb2 18. Rab1 Na4 19. Bd4 Bxd4 20. Rxd4 Nc3
21. Rb2 b6 22. Ne1 Bxg2 23. Kxg2 c5 24. Rd7 Red8 25. Rb7 b5 26. Nf3 b4 27. Ng5
a5 28. Ne6 Rd5 29. Rg7+ Kh8 30. Rc7 Rb8 31. Rc2 Ne4 32. f3 Rd2+ 33. Rxd2 Nxd2
34. Nxc5 b3 35. axb3 Nxb3 36. Nd7 1-0

[Event "BL 8182 Bayern-Markth'feld"]
[Site "?"]
[Date "1981.??.??"]
[Round "?.2"]
[White "Saacke, B."]
[Black "Bartsch, B."]
[Result "1/2-1/2"]
[WhiteElo "2395"]
[BlackElo "2265"]
[PlyCount "59"]
[EventDate "1981.??.??"]

1. d4 Nf6 2. Nf3 e6 3. e3 b6 4. Bd3 Bb7 5. O-O Be7 6. b3 O-O 7. Bb2 Ne4 8. Nfd2
f5 9. f3 Nxd2 10. Nxd2 c5 11. Qe2 Bf6 12. c3 Nc6 13. Ba6 Bxa6 14. Qxa6 f4 15.
dxc5 Nb4 16. cxb4 Bxb2 17. Rad1 fxe3 18. Ne4 e5 19. Rfe1 Kh8 20. Rd6 Bd4 21.
Re2 Qc7 22. Qc4 a5 23. a4 bxc5 24. bxc5 Rab8 25. h3 h6 26. Qa6 Kh7 27. Qd3 Kh8
28. Qa6 Kh7 29. Qd3 Kh8 30. Qa6 1/2-1/2

[Event "BL 8182 Bayern-Markth'feld"]
[Site "?"]
[Date "1981.??.??"]
[Round "?.3"]
[White "Riefner, E."]
[Black "Klundt, K."]
[Result "0-1"]
[WhiteElo "2245"]
[BlackElo "2395"]
[PlyCount "76"]
[EventDate "1981.??.??"]

1. e4 c5 2. Nf3 e6 3. d4 cxd4 4. Nxd4 Nf6 5. Nc3 d6 6. Bc4 a6 7. Bb3 b5 8. f3
Nbd7 9. Be3 Nc5 10. Qd2 Qc7 11. Rc1 Be7 12. a4 b4 13. Na2 e5 14. Nf5 Bxf5 15.
exf5 a5 16. Bd5 Rc8 17. Bxc5 Qxc5 18. c4 O-O 19. g3 Bd8 20. b3 Bb6 21. Be4 Rfd8
22. Kf1 Qc7 23. Kg2 Bd4 24. g4 h6 25. h4 Qb6 26. Rhe1 d5 27. cxd5 Rxc1 28. Qxc1
Nxd5 29. Bxd5 Rxd5 30. Re2 Qf6 31. Kh3 Rc5 32. Rc2 Qc6 33. Rxc5 Qxf3+ 34. Kh2
Qf2+ 35. Kh3 Bxc5 36. f6 gxf6 37. Qxh6 Qf3+ 38. Kh2 Bf2 0-1

[Event "BL 8182 Bayern-Markth'feld"]
[Site "?"]
[Date "1981.??.??"]
[Round "?.5"]
[White "Jahr, U."]
[Black "Bischoff, K."]
[Result "0-1"]
[WhiteElo "2215"]
[BlackElo "2365"]
[PlyCount "90"]
[EventDate "1981.??.??"]

1. e4 Nf6 2. e5 Nd5 3. d4 d6 4. Nf3 Nc6 5. c4 Nb6 6. e6 fxe6 7. h4 e5 8. d5 Nd4
9. Nxd4 exd4 10. Qxd4 e5 11. Qd1 Qd7 12. Be2 Be7 13. Nc3 O-O 14. Be3 Qf5 15. a4
a5 16. Ra3 Qg6 17. g4 Bd7 18. h5 Qe8 19. Bd3 Qd8 20. Bc2 e4 21. Bxb6 cxb6 22.
Nxe4 Rf4 23. Qd3 Bxg4 24. Ng3 Bf6 25. Qxh7+ Kf7 26. Re3 Qh8 27. Qg6+ Kf8 28.
Nf5 Bxf5 29. Bxf5 Qh6 30. Be6 Qxg6 31. hxg6 Ke7 32. b3 Be5 33. Ke2 Raf8 34. Bf7
b5 35. axb5 a4 36. bxa4 Rc8 37. Rc1 b6 38. f3 Rh4 39. Re4 Rxe4+ 40. fxe4 Ra8
41. Rh1 Rxa4 42. Rc1 Ra3 43. Rc2 Rh3 44. Rc1 Rh2+ 45. Kf3 Kf6 {ZÜ} 0-1

[Event "BL 8182 Bamberg-Erlangen"]
[Site "?"]
[Date "1981.??.??"]
[Round "?.1"]
[White "Feustel, B."]
[Black "Pfleger, He"]
[Result "1-0"]
[WhiteElo "2375"]
[BlackElo "2500"]
[PlyCount "75"]
[EventDate "1981.??.??"]

1. g3 d5 2. Bg2 Nf6 3. d3 c5 4. Nd2 Nc6 5. e3 e5 6. Ne2 Be7 7. O-O O-O 8. b3
Re8 9. Bb2 Bf8 10. h3 h6 11. Kh2 Bd7 12. f4 d4 13. fxe5 Nxe5 14. exd4 Neg4+ 15.
hxg4 Nxg4+ 16. Kg1 Ne3 17. Qe1 Nxg2 18. Kxg2 Bg4 19. Nf3 cxd4 20. Qd2 Bb4 21.
Qd1 Qd5 22. Bxd4 Re7 23. c3 Bd6 24. Qd2 Rae8 25. Rae1 f5 26. Neg1 f4 27. Rxe7
Rxe7 28. gxf4 Re6 29. Be5 Rg6 30. Kf2 Be7 31. Qe3 Bf5 32. Rd1 Kh7 33. Ne2 Qd8
34. Ng3 Bg4 35. f5 Ra6 36. a4 Bf6 37. Bxf6 Rxf6 38. Qd4 1-0

[Event "BL 8182 Bamberg-Erlangen"]
[Site "?"]
[Date "1981.??.??"]
[Round "?.2"]
[White "Hartmann, Wo"]
[Black "Heidrich, M."]
[Result "0-1"]
[WhiteElo "2275"]
[BlackElo "2225"]
[PlyCount "56"]
[EventDate "1981.??.??"]

1. f4 d5 2. Nf3 Nf6 3. g3 g6 4. Bg2 Bg7 5. O-O O-O 6. d3 c5 7. Nc3 d4 8. Ne4
Nxe4 9. dxe4 Qb6 10. e3 Rd8 11. Kh1 Nc6 12. Qe2 Bd7 13. exd4 cxd4 14. Ne1 Nb4
15. Rf2 Rac8 16. Qf3 Ba4 17. b3 Bb5 18. Bb2 d3 19. Bxg7 Kxg7 20. cxd3 Nxd3 21.
Nxd3 Rxd3 22. Qe2 Rxb3 23. Qd2 Rbc3 24. a4 Bxa4 25. Rxa4 Rc2 26. Bh3 Rxd2 27.
Rxd2 Rc1+ 28. Kg2 Qb5 0-1

[Event "BL 8182 Bamberg-Erlangen"]
[Site "?"]
[Date "1981.??.??"]
[Round "?.3"]
[White "Roeder, F."]
[Black "Kestler, H."]
[Result "0-1"]
[WhiteElo "2275"]
[BlackElo "2405"]
[PlyCount "96"]
[EventDate "1981.??.??"]

1. e4 c5 2. c3 e6 3. d4 d5 4. exd5 exd5 5. Nf3 Nc6 6. Bb5 Bd6 7. O-O Nge7 8.
dxc5 Bxc5 9. Nbd2 O-O 10. Nb3 Bb6 11. Re1 Bg4 12. Be3 a6 13. Bxb6 Qxb6 14. Bxc6
Nxc6 15. Qxd5 Rad8 16. Qc5 Qxc5 17. Nxc5 Bxf3 18. gxf3 Rd5 19. b4 a5 20. a3 b6
21. Na4 b5 22. Nc5 Ne5 23. Kg2 a4 24. Re4 Nc4 25. Na6 Rc8 26. Re7 h6 27. Nc7
Rg5+ 28. Kh3 Rd8 29. Re8+ Rxe8 30. Nxe8 Kf8 31. Nc7 Ke7 32. f4 Rf5 33. Kg4 g6
34. h4 Kd7 35. Na6 Rd5 36. Nc5+ Kc6 37. Kf3 Rd2 38. Re1 Rc2 39. Re7 Rxc3+ 40.
Kg2 Nd6 41. Ra7 Rxa3 42. Ra6+ Kd5 43. Rb6 Ra2 44. Na6 Rd2 45. Kf1 a3 46. Ke1
Rd4 47. Nc7+ Kc4 48. Ke2 Kb3 0-1

[Event "BL 8182 Bamberg-Erlangen"]
[Site "?"]
[Date "1981.??.??"]
[Round "?.4"]
[White "Ruehrig, V."]
[Black "Stoll, J."]
[Result "1/2-1/2"]
[WhiteElo "2300"]
[BlackElo "2225"]
[PlyCount "80"]
[EventDate "1981.??.??"]

1. e4 c5 2. Nf3 b6 3. d4 cxd4 4. Nxd4 Bb7 5. Nc3 g6 6. Bc4 Bg7 7. Be3 Qc8 8.
Bb3 d6 9. f4 Nd7 10. h4 Ngf6 11. h5 Nxe4 12. hxg6 hxg6 13. Rxh8+ Bxh8 14. Nd5
e6 15. Nb4 Ndc5 16. Qe2 Nxb3 17. axb3 a6 18. g4 Bf6 19. Qh2 e5 20. fxe5 dxe5
21. Ne2 Qxg4 22. O-O-O Qe6 23. Qg1 Rd8 24. Re1 Rd6 25. Nd3 Bh4 26. Rf1 Rc6 27.
Qh2 Bf6 28. Kb1 Kd8 29. Ng1 Nc5 30. Rxf6 Qxf6 31. Nxe5 Qf1+ 32. Ka2 Re6 33. Ne2
Rxe5 34. Qxe5 Nd7 35. Qh8+ Ke7 36. Bg5+ f6 37. Qg7+ Kd8 38. Qg8+ Ke7 39. Qg7+
Kd8 40. Qg8+ Ke7 1/2-1/2

[Event "BL 8182 Düsseldorf-Kettig"]
[Site "?"]
[Date "1981.??.??"]
[Round "?.1"]
[White "Weidemann, J."]
[Black "Backwinkel, P."]
[Result "1/2-1/2"]
[WhiteElo "2285"]
[BlackElo "2275"]
[PlyCount "72"]
[EventDate "1981.??.??"]

1. e4 c6 2. d4 g6 3. Nc3 d5 4. e5 h5 5. Bd3 Nh6 6. Qe2 Nf5 7. Nf3 Qb6 8. Bxf5
Bxf5 9. O-O e6 10. Nd1 c5 11. dxc5 Qa6 12. Qxa6 Nxa6 13. c3 Nxc5 14. Be3 Be7
15. Bxc5 Bxc5 16. Nd4 Bd3 17. Re1 a5 18. a4 O-O 19. Ne3 Rfc8 20. Rad1 Bxd4 21.
cxd4 Bc2 22. Ra1 Ra6 23. Rec1 Rac6 24. f3 Bd3 25. Rxc6 Rxc6 26. Ra3 Ba6 27. Rc3
Rxc3 28. bxc3 Kf8 29. Kf2 Ke7 30. Ke1 f6 31. f4 fxe5 32. fxe5 Bc4 33. Nxc4 dxc4
34. h4 Kd7 35. Kd2 Kc6 36. Kc2 Kd5 1/2-1/2

[Event "BL 8182 Düsseldorf-Kettig"]
[Site "?"]
[Date "1981.??.??"]
[Round "?.4"]
[White "Schiffer, K."]
[Black "Holfelder, J."]
[Result "1-0"]
[WhiteElo "2365"]
[BlackElo "2235"]
[PlyCount "81"]
[EventDate "1981.??.??"]

1. d4 Nf6 2. c4 e6 3. Bg5 c5 4. d5 exd5 5. cxd5 d6 6. Nc3 Be7 7. Nf3 O-O 8. e4
Bg4 9. Bf4 a6 10. a4 Qa5 11. Bd3 c4 12. Bc2 Nbd7 13. h3 Bxf3 14. Qxf3 Qb4 15.
Ra2 Ne5 16. Qe2 Nfd7 17. Bd2 Qc5 18. O-O Qc7 19. f4 Ng6 20. Be3 b6 21. g3 Rab8
22. h4 Rfc8 23. h5 Ngf8 24. Qf3 Rb7 25. Ne2 b5 26. axb5 axb5 27. Nd4 Nb8 28. e5
g6 29. f5 dxe5 30. fxg6 Bc5 31. d6 Qxd6 32. Qxb7 Rc7 33. gxf7+ Kh8 34. Qxb8
exd4 35. Bf4 d3+ 36. Kh2 Qd5 37. Bd1 Rxf7 38. Qe5+ Qxe5 39. Bxe5+ Kg8 40. Rxf7
Kxf7 41. Ra5 1-0

[Event "BL 8182 Porz-Frankfurt"]
[Site "?"]
[Date "1981.??.??"]
[Round "?.2"]
[White "Reefschlaeger, H."]
[Black "Lobron, E."]
[Result "1-0"]
[WhiteElo "2410"]
[BlackElo "2395"]
[PlyCount "97"]
[EventDate "1981.??.??"]

1. d4 Nf6 2. c4 g6 3. Nf3 Bg7 4. g3 O-O 5. Bg2 d6 6. O-O Nbd7 7. Nc3 e5 8. b3
Re8 9. Qc2 c6 10. Rd1 Qa5 11. d5 e4 12. Nd4 cxd5 13. Ndb5 Nb6 14. Bd2 e3 15.
fxe3 dxc4 16. Nxd6 Qe5 17. Nxe8 Qxe8 18. Rac1 Bf5 19. e4 Be6 20. Bf4 cxb3 21.
axb3 Rc8 22. Qa2 Ng4 23. Qxa7 Bxb3 24. Qxb6 Bxd1 25. Nxd1 Rxc1 26. Bxc1 Qc8 27.
Be3 Qd7 28. Nf2 Nxe3 29. Qxe3 Bd4 30. Qd3 Qa4 31. e3 Bc5 32. Bf1 h5 33. e5 Qa7
34. Qd8+ Bf8 35. e6 fxe6 36. Qf6 Qxe3 37. Qxg6+ Bg7 38. Qe8+ Bf8 39. Kg2 b6 40.
Bc4 Kg7 41. Bxe6 Bc5 42. Qf7+ Kh6 43. Qf6+ Kh7 44. Qf5+ Kh6 45. Ne4 Bd4 46. Bg8
Qe2+ 47. Kh3 Qg4+ 48. Qxg4 hxg4+ 49. Kxg4 1-0

[Event "BL 8182 Porz-Frankfurt"]
[Site "?"]
[Date "1981.??.??"]
[Round "?.4"]
[White "Ostermeyer, P."]
[Black "Podzielny, K."]
[Result "1-0"]
[WhiteElo "2415"]
[BlackElo "2405"]
[PlyCount "99"]
[EventDate "1981.??.??"]

1. e4 c5 2. Nf3 e6 3. d4 cxd4 4. Nxd4 Nf6 5. Nc3 d6 6. f4 a6 7. a4 Qc7 8. Be2
Nc6 9. Be3 Bd7 10. O-O Be7 11. Kh1 O-O 12. Qe1 Nxd4 13. Bxd4 Bc6 14. Qg3 g6 15.
f5 e5 16. Be3 b5 17. fxg6 hxg6 18. Bh6 b4 19. Bc4 Kh7 20. Bxf8 Rxf8 21. Nd5
Bxd5 22. Bxd5 Nxd5 23. exd5 Qxc2 24. Qh3+ Kg7 25. Qd7 Bg5 26. Qxd6 e4 27. Qxb4
e3 28. Qd4+ Kg8 29. d6 Qb3 30. Qe5 Bh4 31. Rf3 Bf2 32. Rh3 f6 33. Qe7 Qf7 34.
Rxe3 Bxe3 35. Qxe3 Qd5 36. Qe7 Rf7 37. Re1 Qd2 38. Qe6 Kg7 39. b3 a5 40. h3 Qd4
41. Re4 Qd1+ 42. Kh2 Qd2 43. Rg4 Qd1 44. b4 Qxa4 45. Qf5 g5 46. bxa5 Qa1 47. h4
Qd1 48. Qe6 Rb7 49. hxg5 f5 50. Qf6+ 1-0

[Event "BL 8182 Porz-Frankfurt"]
[Site "?"]
[Date "1981.??.??"]
[Round "?.5"]
[White "Werner, D."]
[Black "Gerusel, M."]
[Result "0-1"]
[WhiteElo "2355"]
[BlackElo "2380"]
[PlyCount "76"]
[EventDate "1981.??.??"]

1. e4 c5 2. Nf3 e6 3. b3 d6 4. Bb5+ Nd7 5. O-O Ngf6 6. e5 dxe5 7. Nxe5 Bd6 8.
Bb2 O-O 9. Nxd7 Nxd7 10. d4 Qc7 11. Qh5 Nf6 12. Qh4 cxd4 13. Bd3 e5 14. Nd2 Bb4
15. Nf3 Re8 16. Nxd4 exd4 17. Bxd4 Bc3 18. Bxf6 Bxf6 19. Qxh7+ Kf8 20. Rae1 Be6
21. Bb5 Red8 22. Bc4 Ke7 23. g3 Rd6 24. Re4 Qc6 25. Rfe1 b5 26. Bf1 g6 27. Qh6
Rh8 28. Qf4 Bc3 29. R1e3 Rh5 30. a4 Bd2 31. axb5 Bxe3 32. Qxe3 Qxc2 33. Qxa7+
Rd7 34. Qa3+ Qc5 35. Qb2 Rd1 36. Qe2 Rhd5 37. Kg2 R1d2 38. Qg4 Qxf2+ 0-1

[Event "BL 8182 Porz-Frankfurt"]
[Site "?"]
[Date "1981.??.??"]
[Round "?.6"]
[White "Dankert, P."]
[Black "Haakert, J."]
[Result "1/2-1/2"]
[WhiteElo "2380"]
[BlackElo "2305"]
[PlyCount "46"]
[EventDate "1981.??.??"]

1. d4 Nf6 2. c4 c5 3. d5 e5 4. Nc3 d6 5. e4 Nbd7 6. Bd3 Be7 7. h4 Nf8 8. g3 Bd7
9. f3 Nh5 10. Nge2 a6 11. a4 Ng6 12. Be3 O-O 13. Kd2 h6 14. Qc2 Qc8 15. Raf1
Bd8 16. g4 Nhf4 17. h5 Nxe2 18. Nxe2 Nh8 19. Ng3 f6 20. Nf5 Nf7 21. Ke2 Bxf5
22. gxf5 Ba5 23. Rhg1 Ng5 1/2-1/2

[Event "BL 8182 Porz-Frankfurt"]
[Site "?"]
[Date "1981.??.??"]
[Round "?.7"]
[White "Bialas, W."]
[Black "Staller, P."]
[Result "1-0"]
[WhiteElo "2340"]
[BlackElo "2360"]
[PlyCount "69"]
[EventDate "1981.??.??"]

1. d4 d5 2. Nf3 Nf6 3. e3 e6 4. Bd3 c5 5. b3 Nbd7 6. O-O Bd6 7. Bb2 Qc7 8. c4
dxc4 9. bxc4 O-O 10. Nc3 a6 11. Qc2 h6 12. Rad1 Re8 13. Kh1 cxd4 14. exd4 b6
15. Ne4 Be7 16. Ng3 Bd6 17. Ne4 Be7 18. Ng3 Bb7 19. Qe2 Qc6 20. Rg1 Bf8 21. Ne5
Nxe5 22. dxe5 Nd7 23. Bb1 Be7 24. Qg4 Red8 25. Nh5 Bf8 26. Rd6 Nxe5 27. Bxe5
Rxd6 28. Nxg7 Be7 29. Bxd6 Bg5 30. Be5 Rd8 31. h4 Qc5 32. Qg3 Bxh4 33. Qxh4
Qxe5 34. Qxd8+ Kxg7 35. Qh4 1-0

[Event "BL 8182 Porz-Frankfurt"]
[Site "?"]
[Date "1981.??.??"]
[Round "?.8"]
[White "Sigurjonsson, G."]
[Black "Fahnenschmidt, G."]
[Result "1-0"]
[WhiteElo "2440"]
[BlackElo "2325"]
[PlyCount "101"]
[EventDate "1981.??.??"]

1. e4 c5 2. Nf3 e6 3. d4 cxd4 4. Nxd4 Nf6 5. Nc3 d6 6. f4 a6 7. Qf3 Qc7 8. Be3
b5 9. Bd3 Bb7 10. g4 Nc6 11. g5 Nd7 12. O-O Be7 13. Qh3 Nxd4 14. Bxd4 e5 15.
Be3 exf4 16. Bxf4 Ne5 17. Rae1 O-O 18. Nd5 Bxd5 19. exd5 Nxd3 20. Qxd3 Rfe8 21.
Re3 Bf8 22. Ref3 Rac8 23. c3 Qd7 24. Bg3 Re7 25. Rf5 Rc4 26. Qf3 Qe8 27. Bxd6
Re3 28. Re5 Rxe5 29. Bxe5 f6 30. Bd4 Qg6 31. h4 Rc8 32. d6 Rd8 33. Qd5+ Qf7 34.
Qxf7+ Kxf7 35. gxf6 g6 36. a4 Bxd6 37. axb5 axb5 38. Ra1 Rd7 39. Kg2 Rb7 40.
Ra8 Ke6 41. Kf3 Kf5 42. Ra6 Be5 43. Bxe5 Kxe5 44. Kg4 b4 45. Kg5 bxc3 46. bxc3
Rc7 47. Ra8 Ke6 48. Re8+ Kd6 49. Re3 Ra7 50. Re7 Ra5+ 51. Kh6 1-0

[Event "BL 8182 Kettig-Porz"]
[Site "?"]
[Date "1981.??.??"]
[Round "?.2"]
[White "Marian, R."]
[Black "Reefschlaeger, H."]
[Result "1/2-1/2"]
[WhiteElo "2250"]
[BlackElo "2410"]
[PlyCount "20"]
[EventDate "1981.??.??"]

1. g3 g6 2. Bg2 Bg7 3. d4 Nf6 4. e4 d6 5. Nc3 O-O 6. Nge2 e5 7. h3 Nbd7 8. O-O
Re8 9. d5 Nb6 10. a4 a5 1/2-1/2

[Event "BL 8182 Kettig-Porz"]
[Site "?"]
[Date "1981.??.??"]
[Round "?.4"]
[White "Holfelder, J."]
[Black "Ostermeyer, P."]
[Result "0-1"]
[WhiteElo "2235"]
[BlackElo "2415"]
[PlyCount "82"]
[EventDate "1981.??.??"]

1. c4 e5 2. Nc3 Nc6 3. g3 f5 4. Bg2 Nf6 5. d3 d6 6. e3 g6 7. Nge2 Bg7 8. O-O
O-O 9. f4 a6 10. Rb1 Kh8 11. d4 e4 12. d5 Ne7 13. a4 c6 14. dxc6 bxc6 15. b4
Be6 16. c5 dxc5 17. bxc5 Bc4 18. Rb7 Ned5 19. Re1 Nd7 20. Nxd5 Bxd5 21. Bd2 Qc8
22. Rb1 Nxc5 23. Bb4 Nd3 24. Bxf8 Qxf8 25. Rf1 Nb2 26. Qc1 Nxa4 27. Rd1 a5 28.
Nd4 Nc5 29. Bf1 a4 30. Bc4 a3 31. Ra1 Nd3 32. Bxd3 exd3 33. Rxd3 a2 34. Nxc6
Bxc6 35. Rxa2 Rxa2 36. Qxc6 Qb8 37. Rd1 Qa8 38. Qxa8+ Rxa8 39. h4 Ra1 40. Rxa1
Bxa1 41. Kf2 h5 0-1